Optimalizácia vzorkovania veľkých objemov vôd pomocou SPE a validácia GC-MS metód pre stanovenie vybraných prioritných zlúčenín
Uložené v:
| Hlavný autor: | |
|---|---|
| Ďalší autori: | |
| Médium: | Rukopis Kniha |
| Jazyk: | Slovak |
| Vydavateľské údaje: |
2024
|
| Predmet: | |
| On-line prístup: | http://is.stuba.sk/zp/portal_zp.pl?podrobnosti=176595 |
| Tagy: |
Žiadne tagy, Buďte prvý, kto otaguje tento záznam!
|
MARC
| LEADER | 00000ntm a22000003a 4500 | ||
|---|---|---|---|
| 001 | stuzp99300 | ||
| 003 | SK-STU | ||
| 005 | 20240601210613.0 | ||
| 007 | ta | ||
| 008 | 150427s2015----xo-----f-mn---000-0-slo-d | ||
| 040 | |a STU |b slo | ||
| 041 | 0 | |a slo | |
| 100 | 1 | |a Urban, Krištof |u 041000 |4 aut |U FCHPT Fakulta chemickej a potravinárskej technológie |T FCHPT Ústav analytickej chémie |X 104779 |U C1000 |Y 99 |7 104779 | |
| 242 | 0 | 1 | |a Optimization of sampling of large volumes of water using SPE and validation of GC-MS methods for determination of selected priority compounds |y eng |
| 245 | 1 | 0 | |a Optimalizácia vzorkovania veľkých objemov vôd pomocou SPE a validácia GC-MS metód pre stanovenie vybraných prioritných zlúčenín |
| 260 | |c 2024 | ||
| 650 | 4 | |a veľkoobjemová extrakcia tuhou fázou |2 slo | |
| 650 | 4 | |a rámcová smernica o vode |2 slo | |
| 650 | 4 | |a prioritné zlúčeniny |2 slo | |
| 650 | 4 | |a plynová chromatografia |2 slo | |
| 650 | 4 | |a hmotnostná spektrometria |2 slo | |
| 650 | 4 | |a water framework directive |2 eng | |
| 650 | 4 | |a large-volume solid-phase extraction |2 eng | |
| 650 | 4 | |a priority substances |2 eng | |
| 650 | 4 | |a gas chromatography |2 eng | |
| 650 | 4 | |a mass spectrometry |2 eng | |
| 700 | 1 | |a Špánik, Ivan |u 041000 |k Z1 |4 ths |U FCHPT Fakulta chemickej a potravinárskej technológie |T FCHPT Ústav analytickej chémie |X 3910 |U C1000 |Y 99 |7 A000003910 | |
| 856 | 4 | |u http://is.stuba.sk/zp/portal_zp.pl?podrobnosti=176595 | |